| 000 | 00612nam a2200193 a 4500 | ||
|---|---|---|---|
| 001 | 000021539 | ||
| 005 | 20200930011347.0 | ||
| 008 | 100908s1980 ck r 000 f spa d | ||
| 040 |
_aDO-SdBNP _cBNPHU |
||
| 082 |
_aM863.42 _bA366a |
||
| 100 | 1 |
_aAlegría, Ciro, _c1909-1967. _915510 |
|
| 245 | 1 | 0 |
_aEl mundo es ancho y ajeno / _cCiro Alegría. |
| 260 |
_aBogotá, Colombia : _bLa Obeja Negra, _c1980. |
||
| 300 |
_a486, [2] p. ; _c17 cm. |
||
| 586 | _aPremio Latinoamericano de Novela, Nueva York, 1941. | ||
| 650 | 4 |
_aNovela méxicana _93959 |
|
| 650 | 4 |
_aLiteratura méxicana _ySIGLO XX _99216 |
|
| 049 | _aBNGR | ||
| 999 |
_c21038 _d21038 |
||